Elucidación estructural de compuestos orgánicos por métodos espectrocópicos / (Record no. 144975)

MARC details
000 -LEADER
campo de control de longitud fija 00944nam a2200265 4500
001 - NÚMERO DE CONTROL
campo de control 144975
003 - IDENTIFICADOR DE NÚMERO DE CONTROL
campo de control ES-MaACL
005 - FECHA Y HORA DE LA ÚLTIMA TRANSACCIÓN
campo de control 20230906201134.0
007 - CAMPO FIJO DE DESCRIPCIÓN FÍSICA--INFORMACIÓN GENERAL
campo de control de longitud fija t|
008 - DATOS DE LONGITUD FIJA--INFORMACIÓN GENERAL
campo de control de longitud fija 070214s1978 sp r ||||1| spa d
080 ## - NÚMERO DE LA CLASIFICACIÓN DECIMAL UNIVERSAL
Número de la Clasificación Decimal Universal 547:543.42
100 1# - ENTRADA PRINCIPAL--NOMBRE DE PERSONA
Nombre de persona Simon, Wilhelm.
9 (RLIN) 106538
245 10 - MENCIÓN DEL TÍTULO
Título Elucidación estructural de compuestos orgánicos por métodos espectrocópicos /
Mención de responsabilidad, etc. W. Simon, T. Clerc ; versión y resolución de problemas por José Castells, Francisco Camps.
250 ## - MENCION DE EDICION
Mención de edición 1ª. ed., 2ª. reimp.
260 ## - PUBLICACIÓN, DISTRIBUCIÓN, ETC.
Lugar de publicación, distribución, etc. Madrid :
Nombre del editor, distribuidor, etc. Alhambra,
Fecha de publicación, distribución, etc. 1978.
300 ## - DESCRIPCIÓN FÍSICA
Extensión 2 t. en 3 v. :
Otras características físicas il. ;
Dimensiones 20 cm.
490 1# - MENCIÓN DE SERIE
Mención de serie Vertix ;
Designación de volumen o secuencia 8 : Sección Química
650 #4 - PUNTO DE ACCESO ADICIONAL DE MATERIA--TÉRMINO DE MATERIA
Término de materia o nombre geográfico como elemento de entrada Compuestos orgánicos-
Subdivisión general Análisis.
9 (RLIN) 143167
700 1# - ENTRADA AGREGADA--NOMBRE PERSONAL
Nombre de persona Camps, Francisco.
9 (RLIN) 34312
700 1# - ENTRADA AGREGADA--NOMBRE PERSONAL
Nombre de persona Castells, José.
9 (RLIN) 36588
700 1# - ENTRADA AGREGADA--NOMBRE PERSONAL
Nombre de persona Clerc, Thomas.
9 (RLIN) 39220
830 0# - PUNTO DE ACCESO ADICIONAL DE SERIE-TÍTULO UNIFORME
Título uniforme Vertix ;
Designación de volumen o secuencia 8 : Sección Química
9 (RLIN) 180780
852 ## - LOCALIZACIÓN
Ubicación ES-MaACL
Número de control de estantería A-10792-94
Sublocalización o colección R.98559
Holdings
Estatus retirado Estado de pérdida Estado de daño No para préstamo Biblioteca de origen Biblioteca actual Ubicación en estantería Fecha de adquisición Fuente de adquisición Total de préstamos Signatura topográfica completa Código de barras Visto por última vez Precio de reemplazo Tipo de ítem Koha
        Biblioteca del Ateneo de Madrid Biblioteca del Ateneo de Madrid Depósito 1 17/01/2008     A-10792-94 1151290 23/02/2023 23/02/2023 Libro impreso